000
00306nam a22001217a 4500
082
_a
297.1247
100
_a
Husain Muslim bin Al-Hajjaj Al-Qushairi An-Naisaburi
245
_a
MUSLIM SHARIF
260
_a
Lahore:
_b
Maktab-E-Rehmania;
_c
2002.
300
_a
832p. ;
_b
22 cm.
500
_a
Hardcover.
942
_c
BK
999
_c
32585
_d
32585